| 000 | 00390nam a2200145Ia 4500 | ||
|---|---|---|---|
| 008 | 230718s9999 xx 000 0 und d | ||
| 041 | _aeng | ||
| 082 |
_a519.4 _bGAR |
||
| 100 |
_aGarje G.V. _9136304 |
||
| 245 | _aDiscrete Structures | ||
| 260 | _bTechmax Publication | ||
| 365 |
_cRs. _b265.00 |
||
| 700 |
_aGarje G.V. & Deshmukh V.S. _9189010 |
||
| 906 |
_dDONATED BY TOKEKAR MADAM _cCOMP |
||
| 999 |
_c312737 _d312737 |
||